000 00998nas a2200313 454500
001 31524
005 20260407193508.0
008 260407s1987####ag###########|||spa#d
003 AR-UNSa-BCEJYS
040 _aAR-UNSa-BCEJYS
_bspa
_cAR-UNSa-BCEJYS
080 _a311.3
_xOrganización general de las estadisticas. Estadística oficial
245 1 0 _aEstudios INDEC
022 _a0326-6249
264 1 _aBuenos Aires :
_bINDEC
_c1987
041 _aspa
942 _cSER
590 _aniveau_biblio:s niveau_hierar:1
100 1 _aInstituto Nacional de Estadística y Censos (INDEC)
650 _aMigración
650 _aESTADISTICA
650 _aDatos estadísticos
650 _aConsumo
650 _aPoblación
650 _aProducción industrial
650 _aECONOMIA
650 _aCOMERCIO EXTERIOR
650 _aDISCAPACIDAD
856 4 1 _uhttps://biblioeco.unsa.edu.ar/pmb/images/revistas/Ajuste estacional de series elaboradas por INDEC-r15219.jpg
_yImagen de portada
_qimage/jpeg
999 _c8710
_d8710